Memory-based user-centric backhaul-Aware user cell association scheme (Record no. 356220)

000 -LEADER
fixed length control field 00415nam a2200133 4500
082 ## - DEWEY DECIMAL CLASSIFICATION NUMBER
Classification number MSEE-7 FAR
100 ## - MAIN ENTRY--PERSONAL NAME
Personal name Farrukh Pervez
245 ## - TITLE STATEMENT
Title Memory-based user-centric backhaul-Aware user cell association scheme
260 ## - PUBLICATION, DISTRIBUTION, ETC.
Place of publication, distribution, etc. Islamabad
Name of publisher, distributor, etc. NUST-SEECS
Date of publication, distribution, etc. 2017
300 ## - PHYSICAL DESCRIPTION
Extent 70p.
Accompanying material CD Includes
942 ## - ADDED ENTRY ELEMENTS (KOHA)
Source of classification or shelving scheme
Holdings
Withdrawn status Lost status Source of classification or shelving scheme Damaged status Not for loan Collection code Permanent Location Current Location Shelving location Date acquired Source of acquisition Total Checkouts Full call number Barcode Date last seen Price effective from Koha item type
            Central Library (CL) Central Library (CL) General Stacks 03/02/2018 NUST-SEECS   MSEE-7 FAR SEECSP02256 03/02/2018 03/02/2018 Project Report
            Central Library (CL) Central Library (CL) Thesis 11/08/2019     621.3MSEE-7 FAR CL-T-4008 11/08/2019 11/08/2019 Thesis
© 2023 Central Library, National University of Sciences and Technology. All Rights Reserved.